000 00642nam a2200217Ia 4500
003 GCL
008 140319s9999 xx 000 0 ara d
040 _aGCL /
_cGCL
082 0 4 _aط
_b521
_bب أ
100 1 _aباركر، برثا موريس
245 1 0 _aاقرب الجيران الى الارض /
_cباركر، برثا موريس
700 1 _aادوار رياض
300 _a35 ص
490 _aمجموعة الكتب العلمية المبسطة
_v0
650 0 4 _aالاطفال
650 0 4 _aالفلك
650 0 4 _aالكواكب
650 0 4 _aالفضاء الخارجى
650 0 4 _aالقمر
942 _2ddc
_cBK
999 _c51320
_d51320